000 00547nam a2200181Ia 4500
005 20250326123938.0
008 250326s9999 xx 000 0 und d
037 _aTextbook
040 _aFMSL
_beng
_cFMSL
041 _aeng
_2eng
084 _aT(X:8) L11
_qFMSL
100 _aJaffee C L
_9736267
245 0 _aEffective management selection: analysis of behavior by simulation techniques
_cJaffee C L
260 _aLondon
_bLondon, Addison-Wesley
_c1971
300 _a150p
942 _cTB
_hT(X:8) L11
999 _c1271601
_d1271601